00489nam a2200169Ia 450000500170000000800410001702000150005808200130007310000170008624500240010326000450012730000130017265000140018594200060019995200990020599900150030420250325044955.0240331s9999 xx 000 0 und d a8190080148 bRAMa894 aRamaswamy, S 0aVirivum alamum tedi aNagercoilbKalachuvadu Pathippagamc1998 a303 p ., aCriticism cL 001040708LaWERCLbWERCLcSSCd2024-03-31l0o 894.811 RAMp2935r2024-03-31w2024-03-31yL c4146d4146